Almost flying / (Record no. 373638)
[ view plain ]
| 000 -LEADER | |
|---|---|
| fixed length control field | 02443cam a2200445 i 4500 |
| 001 - CONTROL NUMBER | |
| control field | on1196175928 |
| 003 - CONTROL NUMBER IDENTIFIER | |
| control field | OCoLC |
| 005 - DATE AND TIME OF LATEST TRANSACTION | |
| control field | 20220511173022.0 |
| 008 - FIXED-LENGTH DATA ELEMENTS--GENERAL INFORMATION | |
| fixed length control field | 200920s2021 nyu j 000 1 eng d |
| 010 ## - LIBRARY OF CONGRESS CONTROL NUMBER | |
| LC control number | 2021936275 |
| 015 ## - NATIONAL BIBLIOGRAPHY NUMBER | |
| National bibliography number | GBC179273 |
| Source | bnb |
| 016 7# - NATIONAL BIBLIOGRAPHIC AGENCY CONTROL NUMBER | |
| Record control number | 020201295 |
| Source | Uk |
| 020 ## - INTERNATIONAL STANDARD BOOK NUMBER | |
| International Standard Book Number | 9780593112939 |
| 020 ## - INTERNATIONAL STANDARD BOOK NUMBER | |
| International Standard Book Number | 0593112938 |
| 035 ## - SYSTEM CONTROL NUMBER | |
| System control number | (OCoLC)1196175928 |
| 040 ## - CATALOGING SOURCE | |
| Original cataloging agency | YDX |
| Language of cataloging | eng |
| Description conventions | rda |
| Transcribing agency | YDX |
| Modifying agency | BDX |
| -- | CLE |
| -- | OCLCO |
| -- | UKMGB |
| -- | UOK |
| 049 ## - LOCAL HOLDINGS (OCLC) | |
| Holding library | UOKA |
| 082 04 - DEWEY DECIMAL CLASSIFICATION NUMBER | |
| Classification number | 813.6 |
| Edition number | 23 |
| 092 ## - LOCALLY ASSIGNED DEWEY CALL NUMBER (OCLC) | |
| Classification number | junior fiction |
| Item number | Arlow |
| 100 1# - MAIN ENTRY--PERSONAL NAME | |
| Personal name | Arlow, Jake Maia |
| Relator term | author. |
| 9 (RLIN) | 6448029 |
| 245 10 - TITLE STATEMENT | |
| Title | Almost flying / |
| Statement of responsibility, etc | Jake Maia Arlow. |
| 264 #1 - Production, Publication, Distribution, Manufacture, and Copyright Notice. | |
| Place of production, publication, distribution, manufacture | New York : |
| Name of producer, publisher, distributor, manufacturer | Dial Books for Young Readers, |
| Date of production, publication, distribution, manufacture, or copyr | 2021. |
| 300 ## - PHYSICAL DESCRIPTION | |
| Extent | 340 pages ; |
| Dimensions | 22 cm |
| 336 ## - Content Type | |
| Content type term | text |
| 337 ## - Media type | |
| Media type term | unmediated |
| 338 ## - Carrier type | |
| Carrier type term | volume |
| 520 ## - SUMMARY, ETC. | |
| Summary, etc | "Would-be amusement park aficionado Dalia only has two items on her summer bucket list: (1) finally ride a roller coaster and (2) figure out how to make a new best friend. But when her dad suddenly announces that he's engaged, Dalia's schemes come to a screeching halt. With Dalia's future stepsister Alexa heading back to college soon, the grown-ups want the girls to spend the last weeks of summer bonding--meaning Alexa has to cancel the amusement park road trip she's been planning for months. Luckily Dalia comes up with a new plan: If she joins Alexa on her trip and brings Rani, the new girl from her swim team along, maybe she can have the perfect summer after all. But what starts out as a week of funnel cakes and Lazy River rides goes off the rails when Dalia discovers that Alexa's girlfriend is joining the trip. And keeping Alexa's secret makes Dalia realize one of her own: She might have more-than-friend feelings for Rani" -- Amazon.com. |
| 526 0# - STUDY PROGRAM INFORMATION NOTE | |
| Program name | Accelerated Reader AR |
| Interest level | MG |
| Reading level | 4.8 |
| Title point value | 11 |
| Public note | 511781. |
| 650 #0 - SUBJECT ADDED ENTRY--TOPICAL TERM | |
| Topical term or geographic name as entry element | Infatuation |
| Form subdivision | Juvenile fiction. |
| 9 (RLIN) | 5704596 |
| 650 #0 - SUBJECT ADDED ENTRY--TOPICAL TERM | |
| Topical term or geographic name as entry element | Middle school students |
| Form subdivision | Juvenile fiction. |
| 9 (RLIN) | 5678523 |
| 650 #0 - SUBJECT ADDED ENTRY--TOPICAL TERM | |
| Topical term or geographic name as entry element | Vacations |
| Form subdivision | Juvenile fiction |
| 9 (RLIN) | 5684845 |
| 650 #0 - SUBJECT ADDED ENTRY--TOPICAL TERM | |
| Topical term or geographic name as entry element | Female friendship |
| Form subdivision | Juvenile fiction. |
| 9 (RLIN) | 6375326 |
| 650 #0 - SUBJECT ADDED ENTRY--TOPICAL TERM | |
| Topical term or geographic name as entry element | Coming out (Sexual orientation) |
| Form subdivision | Juvenile fiction. |
| 9 (RLIN) | 5700148 |
| 650 #0 - SUBJECT ADDED ENTRY--TOPICAL TERM | |
| Topical term or geographic name as entry element | Lesbians |
| Form subdivision | Juvenile fiction. |
| 9 (RLIN) | 5808117 |
| 650 #0 - SUBJECT ADDED ENTRY--TOPICAL TERM | |
| Topical term or geographic name as entry element | Stonewall Book Award |
| 9 (RLIN) | 6448030 |
| 650 #0 - SUBJECT ADDED ENTRY--TOPICAL TERM | |
| Topical term or geographic name as entry element | Amusement parks |
| Form subdivision | Juvenile fiction. |
| 9 (RLIN) | 5742850 |
| 655 #0 - INDEX TERM--GENRE/FORM | |
| Genre/form data or focus term | Young adult fiction. |
| 655 #7 - INDEX TERM--GENRE/FORM | |
| Genre/form data or focus term | Bildungsromans |
| Source of term | lcgft |
| 9 (RLIN) | 102642 |
| 942 ## - ADDED ENTRY ELEMENTS (KOHA) | |
| Source of classification or shelving scheme | Dewey Decimal Classification |
| Koha item type | BOOK |
| Withdrawn status | Lost status | Source of classification or shelving scheme | Damaged status | Not for loan | Collection code | Home library | Current library | Shelving location | Date acquired | Source of acquisition | Total Checkouts | Total Renewals | Full call number | Barcode | Date last seen | Date checked out | Cost, replacement price | Price effective from | Koha item type |
|---|---|---|---|---|---|---|---|---|---|---|---|---|---|---|---|---|---|---|---|
| Dewey Decimal Classification | Junior Fiction | Wasatch County Library | Wasatch County Library | Main Floor Junior Area | 05/11/2022 | Amazon | 4 | 4 | J Arlow | 34301001843459 | 02/23/2024 | 11/22/2023 | 17.99 | 05/11/2022 | BOOK |
